000 00564nam a2200181 i 4500
001 19032
003 ES-MaACL
005 20230906152000.0
007 t|
008 020524s1999 sp ||||1| spa d
080 _a929 Riego, Rafael del
100 1 _aMeléndez de Arvas, Cecilia.
_979919
245 1 0 _aCélebre pero desconocido general Riego /
_cpor Cecilia Meléndez de Arvas.
260 _a[Asturias :
_bC. Meléndez de Arvas,
_c1999]
300 _a45 p. :
_bil. ;
_c21 cm.
600 1 4 _aRiego, Rafael del.
_997086
852 _aES-MaACL
_j2167-F-14
_bR.131680
999 _c19032
_d19032